Environmental quality in a growing economy : (Record no. 24540)

MARC details
000 -LEADER
fixed length control field 01002cam a22002771 4500
001 - CONTROL NUMBER
control field 753487
003 - CONTROL NUMBER IDENTIFIER
control field BDDh-ASL
005 - DATE AND TIME OF LATEST TRANSACTION
control field 20231015030359.0
008 - FIXED-LENGTH DATA ELEMENTS--GENERAL INFORMATION
fixed length control field 740625s1966 mdu b 000 0 eng
010 ## - LIBRARY OF CONGRESS CONTROL NUMBER
LC control number 66028505
040 ## - CATALOGING SOURCE
Original cataloging agency DLC
Transcribing agency DLC
Modifying agency DLC
-- BDDh-ASL
043 ## - GEOGRAPHIC AREA CODE
Geographic area code n-us---
050 00 - LIBRARY OF CONGRESS CALL NUMBER
Classification number HC103.7
Item number .E58
082 00 - DEWEY DECIMAL CLASSIFICATION NUMBER
Classification number 333
Item number ENV
245 00 - TITLE STATEMENT
Title Environmental quality in a growing economy :
Remainder of title essays from the Sixth RFF Forum /
Statement of responsibility, etc. by Kenneth E. Boulding [and others] Edited by Henry Jarrett.
260 ## - PUBLICATION, DISTRIBUTION, ETC.
Place of publication, distribution, etc. [Baltimore]
Name of publisher, distributor, etc. Published for Resources for the Future by the Johns Hopkins Press,
Date of publication, distribution, etc. [1966]
300 ## - PHYSICAL DESCRIPTION
Extent xv, 173 p. :
Dimensions 24 cm.
504 ## - BIBLIOGRAPHY, ETC. NOTE
Bibliography, etc. note Bibliographical footnotes.
650 #0 - SUBJECT ADDED ENTRY--TOPICAL TERM
Topical term or geographic name entry element Natural resources
Geographic subdivision United States.
650 #0 - SUBJECT ADDED ENTRY--TOPICAL TERM
Topical term or geographic name entry element Environmental policy
Geographic subdivision United States.
700 1# - ADDED ENTRY--PERSONAL NAME
Personal name Boulding, Kenneth E.
Fuller form of name (Kenneth Ewart),
Dates associated with a name 1910-1993.
700 1# - ADDED ENTRY--PERSONAL NAME
Personal name Jarrett, Henry,
Relator term ed.
710 2# - ADDED ENTRY--CORPORATE NAME
Corporate name or jurisdiction name as entry element Resources for the Future.
906 ## - LOCAL DATA ELEMENT F, LDF (RLIN)
a 7
b cbc
c orignew
d u
e ocip
f 19
g y-gencatlg
942 ## - ADDED ENTRY ELEMENTS (KOHA)
Source of classification or shelving scheme Dewey Decimal Classification
Koha item type Books
Holdings
Withdrawn status Lost status Source of classification or shelving scheme Damaged status Not for loan Collection code Home library Current library Shelving location Date acquired Source of acquisition Total Checkouts Full call number Barcode Date last seen Copy number Price effective from Koha item type Public note
    Dewey Decimal Classification     Non-fiction Asiatic Society Library Asiatic Society Library General Stacks 04/25/2021 ASB Library Collections   333 ENV 109168 04/25/2021 C-1 04/25/2021 Books Rare

Powered by Koha